书目信息 |
| 题名: |
教育基本原理文集
|
|
| 作者: | ;北京师大高等学校干部进修班 , 北京师大教育系 编 | |
| 分册: | 下册 | |
| 出版信息: |
|
|
| 页数: | 443页 | |
| 开本: | 19cm | |
| 丛书名: | ||
| 单 册: | ||
| 中图分类: | G40-53 | |
| 科图分类: | ||
| 主题词: | 教育学 | |
| 电子资源: | ||
| ISBN: | ||
| 000 | 00688nam0 2200205 45 | |
| 001 | 0405081169 | |
| 005 | 20040508112001.2 | |
| 010 | @dCNY3.05 | |
| 100 | @a20040508d km y0chiy0120 ea | |
| 101 | 0 | @achi |
| 105 | @a z 000yy | |
| 200 | 1 | @a教育基本原理文集@h下册@AJiao Yu Ji Ben Yuan Li Wen Ji@f北京师大高等学校干部进修班,北京师大教育系编@FBei Jing Shi Da Gao Deng Xue Xiao Gan Bu Jin Xiu Ban,Bei Jing Shi Da Jiao Yu Xi Bian |
| 210 | @e北京@g北京师范大学@h[不祥] | |
| 215 | @a443页@d19cm | |
| 606 | 0 | @a教育学 |
| 690 | @aG40-53@v3 | |
| 711 | 02 | @a北京师大高等学校干部进修班@4编 |
| 711 | 02 | @a北京师大教育系@4编 |
| 801 | @aCN@bTSTCL@c20040508 | |
| 905 | @f4@b92808-811@dG40-53@e109:2 | |
| 教育基本原理文集.下册/北京师大高等学校干部进修班,北京师大教育系编.-(北京:北京师范大学,[不祥]) |
| 443页;19cm |
| ISBN :CNY3.05 |
| ● |
| 相关链接 |
|
|
|
|
正题名:教育基本原理文集
索取号:G40-53/109:2
 
预约/预借
| 序号 | 登录号 | 条形码 | 馆藏地/架位号 | 状态 | 备注 |
| 1 | 0092808 | 000999263 | 第四借阅区/ [索取号:G40-53/109:2] | 在馆 | |
| 2 | 0092809 | 000999218 | 第四借阅区/ [索取号:G40-53/109:2] | 在馆 | |
| 3 | 0092810 | 000999281 | 第四借阅区/ [索取号:G40-53/109:2] | 在馆 | |
| 4 | 0092811 | 000999272 | 第四借阅区/ [索取号:G40-53/109:2] | 在馆 | |
| 5 | 0092812 | 000999227 | 第一样本阅览室/ [索取号:G40-53/109:2] | 在馆 |